| 000 | 00470nam a2200169Ia 4500 | ||
|---|---|---|---|
| 003 | LK-CoDNM | ||
| 008 | 010623t xxu||||| |||| 00| 1 sin d | ||
| 040 |
_aLK-CoDNM _dLK-CoDNM _eLK-CoDNM |
||
| 041 | _asin | ||
| 080 | _a294.33 WIC | ||
| 100 | _aWickramasinghe,Martin. | ||
| 245 | _aබුදුසාමය හා සමාජ දර්ශනය | ||
| 246 | _aBudu Samaya Ha Samaja Darshanaya | ||
| 260 |
_bSarasa _aRajagiriya |
||
| 300 | _b175p., 21 cm | ||
| 942 | _cBK | ||
| 999 |
_c139797 _d139797 |
||